000 00914nam a22002417a 4500
003 NALT
005 20251028140013.0
008 s2558 th tha d
020 _a9786167880099
040 _aNALT
041 _atha
050 _aHF 5415.2
_bค357ก 2558
100 0 _aคำนาย อภิปรัชญาสกุล
_95536
245 1 0 _aการวิจัยตลาด =
_bMarketing research /
_cคำนาย อภิปรัชญาสกุล.
246 3 1 _aMarketing research.
260 _aกรุงเทพฯ :
_bโพกัสมีเดีย แอนด์ พับลิชชิ่ง,
_c2558.
300 _a196 หน้า :
_bตาราง ;
_c26 ซม.
650 4 _aการตลาด
_95887
650 4 _aวิจัยการตลาด
_935970
850 _aNALT
942 _cGB
_2lcc
996 _asaiphon.d
_bCATSTF
_c2025-10-28
999 _c74274
_d74274
998 _j104
_k นางสาวสายฝน ดีงาม